| 000 | 00988nam a2200301Ia 4500 | ||
|---|---|---|---|
| 005 | 20220317001953.0 | ||
| 008 | 200115s9999 xx 000 0 und d | ||
| 020 | _a9789586655903 | ||
| 040 |
_aCO-BoRNBP _bspa _erda _cCO-BoRNBP |
||
| 041 | 0 | _aspa | |
| 100 | 1 |
_aGaleano, Eduardo _d1940 - 2015 |
|
| 245 | 1 | 0 |
_aAmares _cEduardo Galeano |
| 250 | _aEdición especial | ||
| 264 | 1 |
_aBogotá _bSiglo del Hombre _c2019 |
|
| 300 |
_a373 páginas _b21 cm. |
||
| 336 |
_2rdacontent _atexto _btxt |
||
| 337 |
_2rdamedia _asin mediación _bn |
||
| 338 |
_2rdacarrier _avolumen _bnc |
||
| 490 | 0 | _aPlan Nacional de Lectura y Escritura Leer es mi Cuento / Ministerio de Cultura | |
| 521 | _aRecomendado para público adulto. | ||
| 650 | 1 | 7 |
_aLiteratura uruguaya _2LEMB _ySiglo XX |
| 650 | 1 | 7 |
_aCuentos uruguayos _ySiglo XX _2LEMB |
| 650 | 1 | 7 |
_aExilio _2LEMB _vCuentos |
| 650 | 1 | 7 |
_aMemoria _2LEMB _vCuentos |
| 650 | 1 | 7 |
_aPoder _2LEMB _vCuentos |
| 942 |
_2loc _cBKLIT |
||
| 084 | _aC GAL1 | ||
| 999 |
_c8739 _d8739 |
||